000 00939nas a2200289 4500
001 BR0806738
003 BR-BrBNA
005 20231205112144.0
007 ta
008 230509b bl.|||p| |||| 00| 00por d
040 _aBR-BrBNA
_bpor
_cBiblioteca Nacional de Agricultura
041 _a(Pt)
072 _aL53; L02
100 1 _aOliveira, A.R. de
100 1 _aMorais, M. da G.
100 1 _aMoraes, S. da S.
100 1 _aFernandes, C.E.
100 1 _aÍtavo, L.C.V.
100 1 _aAbreu, U.G.P. de
245 1 _aEfeito de diferentes fontes e concentrações de zinco na mistura mineral sobre desempenho e características seminais de touros jovens criados em campo
650 _aESPERMATOZÓIDE
650 _aZINCO
650 _aTOURO
773 0 _tCiência Animal Brasileira (Brazil)
_xISSN 1518-2797
_g(Jul-Sep 2007), v. 8(3) p. 465-477
_wBR0806738
909 _a202311
_bLúcia
_c55
_dLúcia Elande
942 _2AGRIS
_n0
_cANA
999 _c196395
_d196395